| 000 | 00475pab a2200169 454500 | ||
|---|---|---|---|
| 008 | 180718b1999 xxu||||| |||| 00| 0 eng d | ||
| 100 | _aBallabh, Vishwa | ||
| 245 | _aTransition in rice production systems in Eastern India: evidence from two villages in Uttar Pradesh | ||
| 260 | _c1999 | ||
| 300 | _ap.A11-16 | ||
| 362 | _a27 Mar | ||
| 650 | _aIndia, Eastern | ||
| 650 | _aRice | ||
| 700 | _aPandey, Sushil | ||
| 773 | _aEconomic and Political Weekly | ||
| 909 | _a40562 | ||
| 999 |
_c40562 _d40562 |
||